| 000 | 01065cam a22002531a 4500 | ||
|---|---|---|---|
| 001 | e 11002021 | ||
| 003 | DLC | ||
| 005 | 20260227111156.0 | ||
| 008 | 830823s1911 dcua b f000 0 eng c | ||
| 010 | _ae 11002021 | ||
| 035 | _a(OCoLC)9837880 | ||
| 040 |
_aLibrary, U.S. Office of Education _cABAU _dABAU _dDLC |
||
| 042 | _apremarc | ||
| 050 | 0 | 0 |
_aL111 _b.A6 1911, no. 18 |
| 051 |
_aLB1771 _b.A3 1911 |
||
| 100 | 1 |
_aUpdegraff, Harlan, _d1874- |
|
| 245 | 1 | 0 |
_aTeachers' certificates issued under general state laws and regulations / _cby Harlan Updegraff. |
| 260 |
_aWashington : _bG.P.O., _c1911. |
||
| 300 |
_a269 p. : _bill., maps ; _c23 cm. |
||
| 490 | 0 |
_aBulletin / U.S. Bureau of Education ; _v1911, no. 18 = Whole no. 465 |
|
| 501 |
_aL111.A6 with: Training of teachers of elementary and secondary mathematics / International Commission on the Teaching of Mathematics. Washington : Govt. Print. Off., 1911. Bound together subsequent to publication. _5DLC |
||
| 504 | _aBibliography: p. [262]-266. | ||
| 650 | 0 |
_aTeachers _xCertification _zUnited States. |
|
| 999 |
_c19253 _d19253 |
||